Statistics for Countries Closest to Gabon - 15 Second Sprint

Click here to take the quiz!

General Stats

  • This quiz has been taken 36 times
  • The average score is 6 of 20

Answer Stats

kmcountrymiles% Correct
158Dem Rep Congo98
70%
0Cameroon0
67%
0Congo0
67%
1184Niger735
59%
418Nigeria260
48%
0Equatorial Guinea0
44%
232Central African
Republic
144
37%
637Chad396
37%
1044Togo649
37%
969Benin602
33%
237São Tomé
and Príncipe
147
33%
118Angola73
30%
1091Ghana678
26%
1396Sudan867
22%
1463Namibia909
11%
1442Côte d'Ivoire896
7%
1314South Sudan816
7%
1429Burkina Faso888
0%
1604Rwanda997
0%
1435Zambia892
0%

Score Distribution

Percentile by Number Answered

Percent of People with Each Score

Your Score History

You have not taken this quiz